000 00769cam a2200241 a 4500
001 1199924
005 20250123081804.0
008 980811s1999 enk b 001 0 eng
020 _a9780335196708
020 _a0335196705 (pbk.)
050 0 0 _aRA427
_b.C614 1999
082 0 0 _a362.1/2
_221
100 _aMalin, Nigel
245 0 0 _aCommunity care for nurses and the caring professions /
_cNigel Malin ... [et al.].
260 _aBuckingham ;
_aPhiladelphia, Pa. :
_bOpen University Press,
_c2000.
300 _aix, 206 p. ;
_c25 cm.
440 0 _aSocial science for nurses and the caring professions
650 0 _aCommunity health services.
650 0 _aCommunity health nursing.
650 0 _aHuman services.
700 1 _aMalin, Nigel.
942 _2lcc
_cBK
_n0
999 _c2871
_d2871